LIBRARY & INFORMATION CENTRE, KCAET, TAVANUR

ONLINE PUBLIC ACCESS CATALOGUE (OPAC)

Manmaranja bhashakavikal / (Record no. 5247)

MARC details
000 -LEADER
fixed length control field 00461cam a2200169ua 4500
041 ## - LANGUAGE CODE
Language code of text/sound track or separate title mal
082 ## - DEWEY DECIMAL CLASSIFICATION NUMBER
Classification number 928.94812
Item number KRI/MA
100 ## - MAIN ENTRY--AUTHOR NAME
Personal name Krishna ayyer, Chennithala .
245 ## - TITLE STATEMENT
Title Manmaranja bhashakavikal /
260 ## - PUBLICATION, DISTRIBUTION, ETC. (IMPRINT)
Place of publication Kottayam :
Name of publisher Sahitya Pravarthaka Co-operative Society ,
Year of publication 1963.
300 ## - PHYSICAL DESCRIPTION
Number of Pages 212 ; .
942 ## - ADDED ENTRY ELEMENTS (KOHA)
Koha item type Books
Holdings
Withdrawn status Lost status Damaged status Home library Current library Date acquired Full call number Accession Number Koha item type
      KAUAET KAUAET 07/04/2012 928.94812 1460 Books
free website counter